<?xml version="1.0" encoding="UTF-8"?><?xml-stylesheet type="text/xsl" href="static/style.xsl"?><OAI-PMH xmlns="http://www.openarchives.org/OAI/2.0/" xmlns:xsi="http://www.w3.org/2001/XMLSchema-instance" xsi:schemaLocation="http://www.openarchives.org/OAI/2.0/ http://www.openarchives.org/OAI/2.0/OAI-PMH.xsd"><responseDate>2026-04-27T20:17:45Z</responseDate><request verb="GetRecord" identifier="oai:uvadoc.uva.es:10324/70004" metadataPrefix="marc">https://uvadoc.uva.es/oai/request</request><GetRecord><record><header><identifier>oai:uvadoc.uva.es:10324/70004</identifier><datestamp>2025-03-26T19:45:18Z</datestamp><setSpec>com_10324_5262</setSpec><setSpec>com_10324_5186</setSpec><setSpec>com_10324_29291</setSpec><setSpec>col_10324_69992</setSpec></header><metadata><record xmlns="http://www.loc.gov/MARC21/slim" xmlns:doc="http://www.lyncode.com/xoai" xmlns:xsi="http://www.w3.org/2001/XMLSchema-instance" xmlns:dcterms="http://purl.org/dc/terms/" xsi:schemaLocation="http://www.loc.gov/MARC21/slim http://www.loc.gov/standards/marcxml/schema/MARC21slim.xsd">
<leader>00925njm 22002777a 4500</leader>
<datafield tag="042" ind1=" " ind2=" ">
<subfield code="a">dc</subfield>
</datafield>
<datafield tag="720" ind1=" " ind2=" ">
<subfield code="a">Nuñez de Prado Clavell, Sara</subfield>
<subfield code="e">author</subfield>
</datafield>
<datafield tag="260" ind1=" " ind2=" ">
<subfield code="c">2024</subfield>
</datafield>
<datafield tag="520" ind1=" " ind2=" ">
<subfield code="a">La Sociedad de Naciones se instaura en 1920, pero México no está entre los países invitados a unirse, debido, entre otras razones a su actitud durante la guerra relacionado con sus simpatías hacia Alemania y sobre todo con el triunfo de la revolución en el país y las consecuencias que ello podía tener para terceros países, como por ejemplo Estados Unidos. Con el paso del tiempo, México se va relacionando cada vez más con la organización, hasta que en 1931, superando tanto las reticencias de algunos miembros de la Sociedad de Naciones, como las del propio México, que se sentía maltratado desde que había sido excluido en 1920, el país ingresa como miembro de pleno derecho.  Este trabajo se centra tanto en este proceso de acercamiento, como en el papel que el estado mexicano realiza ya como miembro de la Liga de Naciones.</subfield>
</datafield>
<datafield tag="024" ind2=" " ind1="8">
<subfield code="a">Revista de Estudios Europeos; Núm. 84 (2024) pags. 34-61</subfield>
</datafield>
<datafield tag="024" ind2=" " ind1="8">
<subfield code="a">2530-9854</subfield>
</datafield>
<datafield tag="024" ind2=" " ind1="8">
<subfield code="a">https://uvadoc.uva.es/handle/10324/70004</subfield>
</datafield>
<datafield tag="024" ind2=" " ind1="8">
<subfield code="a">10.24197/ree.84.2024.34-61</subfield>
</datafield>
<datafield tag="024" ind2=" " ind1="8">
<subfield code="a">34</subfield>
</datafield>
<datafield tag="024" ind2=" " ind1="8">
<subfield code="a">84</subfield>
</datafield>
<datafield tag="024" ind2=" " ind1="8">
<subfield code="a">61</subfield>
</datafield>
<datafield tag="245" ind1="0" ind2="0">
<subfield code="a">México y la Sociedad de Naciones</subfield>
</datafield>
</record></metadata></record></GetRecord></OAI-PMH>